• 首页
  • 本馆介绍
  • 公告通知
  • 最新文献
  • 馆藏检索
  • 电子资源
  • 读者导购
  • 参考咨询
  • 我的图书馆
  • 登录
  • 详细信息显示
  • 放入我的书架
  • 预约/预借图书
  • 作者相关作品
  • 分类相关作品
  • 丛书相关作品
  • 出版社相关作品

书目信息

  • 表格格式
  • 工作单格式
  • 卡片格式
题名:
服饰风尚
    
 
作者: 庄唯 著
分册:  
出版信息: 合肥   中国科学技术大学出版社  2020
页数: 223页
开本: 21cm
丛书名: 漫画版中国传统社会生活
单 册:
中图分类: TS941.12
科图分类:
主题词: 服饰文化--fu shi wen hua--中国
电子资源:
ISBN: 978-7-312-04371-0
000 01174nam 2200313 450
001 CAL 012020137125
005 20200706162911.4
010    @a978-7-312-04371-0@dCNY40.00
099    @aCAL 012020137125
100    @a20200630d2020 em y0chiy0120 ea
101 0  @achi
102    @aCN@b340000
105    @aa a 000yy
106    @ar
200 1  @a服饰风尚@Afu shi feng shang@e多彩的皮肤@f庄唯著
210    @a合肥@c中国科学技术大学出版社@d2020
215    @a223页@c图@d21cm
225 2  @a漫画版中国传统社会生活@Aman hua ban zhong guo chuan tong she hui sheng huo
300    @a安徽省文化强省建设专项资金项目 安徽省“十二五”重点出版物出版规划项目
314    @a庄唯, 中国科学技术大学文化哲学博士。
320    @a有书目
330    @a本书从服饰的构成与形制、服饰与礼仪、服饰与年节、服饰与禁忌、服饰与身份、服饰与文艺、传承与变迁、魅力与影响等方面入手, 从不同的视角展现服饰在人类生活中的作用与意义。
410  0 @12001 @a漫画版中国传统社会生活
517 1  @a多彩的皮肤@Aduo cai de pi fu
606 0  @a服饰文化@Afu shi wen hua@y中国
690    @aTS941.12@v5
701  0 @a庄唯@Azhuang wei@4著
801  0 @aCN@bBJXHZP@c20230228
905    @b1384044-7@dTS941.12@e127@f4
    
    服饰风尚:多彩的皮肤/庄唯著.-合肥:中国科学技术大学出版社,2020
    223页:图;21cm.-(漫画版中国传统社会生活)
    安徽省文化强省建设专项资金项目 安徽省“十二五”重点出版物出版规划项目
    
    ISBN 978-7-312-04371-0:CNY40.00
    本书从服饰的构成与形制、服饰与礼仪、服饰与年节、服饰与禁忌、服饰与身份、服饰与文艺、传承与变迁、魅力与影响等方面入手, 从不同的视角展现服饰在人类生活中的作用与意义。
●
相关链接 在E读中查询图书 在五车中查询图书 在当当中查询图书 在豆瓣中查询图书


正题名:服饰风尚     索取号:TS941.12/127         预约/预借

序号 登录号 条形码 馆藏地/架位号 状态 备注
1 1384044   213840441   第二样本阅览室/ [索取号:TS941.12/127] 在馆    
2 1384045   213840450   第三借阅区/ [索取号:TS941.12/127] 在馆    
3 1384046   213840469   第三借阅区/ [索取号:TS941.12/127] 在馆    
4 1384047   213840478   第三借阅区/ [索取号:TS941.12/127] 在馆    
唐山师范学院图书馆 欢迎您!
大连网信软件有限公司© 版权所有